000
00327 a2200145 4500
001
169842
020
_a
040
_c
Magnum
100
_a
Paiva, Vanilda (Org.)
240
1
0
_a
A atualidade da escola de frankfurt
_l
por
245
1
0
_a
A atualidade da escola de frankfurt
362
0
_a
1899
697
_a
ENSINO
942
_c
BK
999
_c
169842
_d
169842